Горение капель водометанольного раствора в факеле газовой горелки; Физика горения и взрыва; Т. 56, № 3
| Parent link: | Физика горения и взрыва Т. 56, № 3.— 2020.— [С. 51-60] |
|---|---|
| Автор: | |
| Співавтор: | |
| Інші автори: | |
| Резюме: | Заглавие с экрана Проведено экспериментальное исследование процесса испарения капли водометанольного раствора. Сформулирована математическая модель этого процесса. По результатам сравнительного анализа результатов физического и численного исследования определены параметры процесса испарения капли водометанольного раствора для использования в математическом моделировании процесса его сжигания. Представлены результаты численных исследований процесса горения газового факела с впрыском в него капель водометанольного раствора в промышленной установке. Полученные результаты удовлетворительно коррелируют с экспериментальными данными. Режим доступа: по договору с организацией-держателем ресурса |
| Мова: | Російська |
| Опубліковано: |
2020
|
| Предмети: | |
| Онлайн доступ: | https://elibrary.ru/item.asp?id=43102278 http://dx.doi.org/10.15372/FGV20200305 |
| Формат: | Електронний ресурс Частина з книги |
| KOHA link: | https://koha.lib.tpu.ru/cgi-bin/koha/opac-detail.pl?biblionumber=665999 |
MARC
| LEADER | 00000naa0a2200000 4500 | ||
|---|---|---|---|
| 001 | 665999 | ||
| 005 | 20250211165906.0 | ||
| 035 | |a (RuTPU)RU\TPU\network\37203 | ||
| 090 | |a 665999 | ||
| 100 | |a 20211129d2020 k||y0rusy50 ca | ||
| 101 | 0 | |a rus | |
| 102 | |a RU | ||
| 135 | |a drcn ---uucaa | ||
| 181 | 0 | |a i | |
| 182 | 0 | |a b | |
| 200 | 1 | |a Горение капель водометанольного раствора в факеле газовой горелки |f А. С. Наумкин, Б. В. Борисов | |
| 203 | |a Текст |c электронный | ||
| 300 | |a Заглавие с экрана | ||
| 320 | |a [Библиогр.: 27 назв.] | ||
| 330 | |a Проведено экспериментальное исследование процесса испарения капли водометанольного раствора. Сформулирована математическая модель этого процесса. По результатам сравнительного анализа результатов физического и численного исследования определены параметры процесса испарения капли водометанольного раствора для использования в математическом моделировании процесса его сжигания. Представлены результаты численных исследований процесса горения газового факела с впрыском в него капель водометанольного раствора в промышленной установке. Полученные результаты удовлетворительно коррелируют с экспериментальными данными. | ||
| 333 | |a Режим доступа: по договору с организацией-держателем ресурса | ||
| 461 | |t Физика горения и взрыва | ||
| 463 | |t Т. 56, № 3 |v [С. 51-60] |d 2020 | ||
| 610 | 1 | |a электронный ресурс | |
| 610 | 1 | |a труды учёных ТПУ | |
| 610 | 1 | |a водометанольные растворы | |
| 610 | 1 | |a зажигание | |
| 610 | 1 | |a испарение | |
| 610 | 1 | |a капли | |
| 610 | 1 | |a факельные установки | |
| 610 | 1 | |a диффузии | |
| 700 | 1 | |a Наумкин |b А. С. |g Александр Сергеевич | |
| 701 | 1 | |a Борисов |b Б. В. |c специалист в области теплотехники |c профессор Томского политехнического университета, доктор физико-математических наук |f 1954- |g Борис Владимирович |3 (RuTPU)RU\TPU\pers\27008 |9 12593 | |
| 712 | 0 | 2 | |a Национальный исследовательский Томский политехнический университет |b Инженерная школа энергетики |b Научно-образовательный центр И. Н. Бутакова (НОЦ И. Н. Бутакова) |3 (RuTPU)RU\TPU\col\23504 |
| 801 | 2 | |a RU |b 63413507 |c 20211129 |g RCR | |
| 856 | 4 | |u https://elibrary.ru/item.asp?id=43102278 | |
| 856 | 4 | |u http://dx.doi.org/10.15372/FGV20200305 | |
| 942 | |c CF | ||